02612nam a2200385 a 4500001001200000003000800012006001900020007001500039008004100054010001700095020001800112020002700130040002100157035002100178043001200199050002800211082001500239245069500254250001200949260004900961300002601010490002801036504005101064505032001115520028901435533015201724650003201876650004401908650003601952655002901988700002502017710001702042830004102059856012602100ebr10690566CaPaEBRm u cr cn|||||||||130207s2013 miuad sb 001 0 eng d z 2013001120 z9780780812772 z9780780812789 (e-book) aCaPaEBRcCaPaEBR a(OCoLC)846981400 an-us---14aHV6626.52b.C557 2013eb04a362.7622300aChild abuse sourcebookh[electronic resource] :bbasic consumer health information about child neglect and the physical, sexual, and emotional abuse of children, including abusive head trauma, bullying, Munchausen syndrome by proxy, statutory rape, incest, educational neglect, exploitation, and the long-term consequences of child maltreatment, featuring facts about risk factors, prevention initiatives, reporting requirements, legal interventions, child protective services, and therapy options : along with information for parents, foster parents, and adult survivors of child abuse, a glossary of related terms, and directories of additional resources /cedited by Valarie R. Juntunen. a3rd ed. aDetroit, Mich. :bOmnigraphics, Inc.,c2013. axviii, 629 p. :bill.1 aHealth reference series aIncludes bibliographical references and index.0 apt. 1. Child maltreatment -- pt. 2. Physical and sexual abuse of children -- pt. 3. Child neglect and emotional abuse -- pt. 4. Adult survivors of child abuse -- pt. 5. Child abuse preventions, interventions, and treatments -- pt. 6. Parenting issues and child abuse risks -- pt. 7. Additional help and information. a"Provides basic consumer health information about abuse and neglect of children and adolescents, along with facts about prevention and intervention strategies and treatment for survivors of abuse. Includes index, glossary of related terms, and other resources"--Provided by publisher. aElectronic reproduction.bPalo Alto, Calif. :cebrary,d2013.nAvailable via World Wide Web.nAccess may be limited to ebrary affiliated libraries. 0aChild abusezUnited States. 0aChild abusezUnited StatesxPrevention. 0aAbused childrenzUnited States. 7aElectronic books.2local1 aJuntunen, Valarie R.2 aebrary, Inc. 0aHealth reference series (Unnumbered)40uhttp://site.ebrary.com/lib/rucke/Doc?id=10690566zAn electronic book accessible through the World Wide Web; click to view